000 00794nam a2200205 i 4500
001 82528
003 ES-MaACL
005 20251002204012.0
007 t|
008 041110s1952 sp ||||1| spa d
080 _a821.411.21-96"09"
100 1 _aIbn Hazm, Al ibn Ahmad.
_965013
245 1 3 _aEl collar de la paloma
_b: tratado sobre el amor y los amantes /
_cIbn Hazm de Córdoba ; traducido del arabe por Emilio García Gómez ; con un prólogo de José Ortega y Gasset.
260 _aMadrid :
_bSociedad de Estudios y Publicaciones,
_c1952 (
_fRivadeneyra)
300 _aXXVIII, 349 p., 8 lám. ;
_c25 cm.
700 1 _aGarcía Gómez, Emilio,
_d1905-1995
_954690
700 1 _aOrtega y Gasset, José,
_d1883-1955
_987503
852 _aES-MaACL
_jD-6812
_bR.31988
999 _c82528
_d82528